000 00512nam a2200157Ia 4500
008 090124s9999 xx 000 0 und d
082 _b34700
245 _a महाराष्ट्रातील महिलाराज
250 _a1
260 _c2008
300 _a216
630 _a महाराष्ट्रातील महिलाराज
700 _aगाडे सोपान
730 _a महाराष्ट्रातील महिलाराज
942 _cBOOK
999 _c201212
_d201212